| 000 | 00780nam a22002297a 4500 | ||
|---|---|---|---|
| 005 | 20140827120422.0 | ||
| 010 | _aENG-110657 | ||
| 020 |
_c1195.00 _a9789339205102 |
||
| 020 |
_c1195.00 _a9339205103 |
||
| 035 | _aEN-94189 | ||
| 037 | _bDBAD/PUB | ||
| 082 | _a332.6322 | ||
| 100 | _aPring, Martin J. | ||
| 245 |
_aTechnical analysis explained : _cby Martin J. Pring _bthe successful investor's guide to spotting investment trends and turning points / |
||
| 250 | _a5th ed | ||
| 260 |
_aNew Delhi _bMcGraw Hill Education _c2014 |
||
| 270 |
_aP-24, Green Park Extn. _bNew Delhi _e110016 |
||
| 300 |
_axxiv,797p. _c24cm(pbk) |
||
| 500 | _aIncludes bibliographical references and index | ||
| 650 | _aInvestment analysis | ||
| 942 |
_2ddc _cEN _mPRI _h332.6322 |
||
| 999 |
_c87892 _d87892 |
||